| 000 | 00654nam a2200181 i 4500 | ||
|---|---|---|---|
| 001 | 130559 | ||
| 003 | ES-MaACL | ||
| 005 | 20230906193755.0 | ||
| 007 | t| | ||
| 008 | 070731s1943 sp ||||1| spa d | ||
| 100 | 1 |
_aZárday, Imre von. _9118070 |
|
| 245 | 1 | 0 |
_aTerapéutica especial de las enfermedades del corazón y de los vasos / _cpor Imre von Zárday ; traducción directa de la segunda edición alemana por José M. Sacristán. |
| 260 |
_aMadrid : _bEspasa-Calpe, _c1943. |
||
| 300 |
_aXVI, 184 p. ; _c22 cm. |
||
| 650 | 1 | 4 |
_aCardiopatía coronaria. _910776 |
| 700 | 1 |
_aSacristán, José María. _9101267 |
|
| 852 |
_aES-MaACL _jC-5111 _bR.25759 |
||
| 999 |
_c130559 _d130559 |
||